00353ntaaa2200133 45000030003000000050017000030080021000200400037000410820014000782450060000922500043001523000011001956500013002060120251027203129.00714s1973 ag 01  aAR-BaBNbspacAR-BaBNeaacrdRIC a783.9000  aWorship and service Hymnal for church, school and house a1 ed. : bHope Publishing Co., cc1960 a512 p. aHimnario